Law of property in land (Record no. 80639)

MARC details
000 -LEADER
fixed length control field 01239nam a2200217 a 4500
008 - FIXED-LENGTH DATA ELEMENTS--GENERAL INFORMATION
fixed length control field 120416s1979 ||||||||||||||||| || u
050 ## - LIBRARY OF CONGRESS CALL NUMBER
Classification number KD 170 Dav
100 ## - MAIN ENTRY--PERSONAL NAME
Personal name Davies, Keith
245 10 - TITLE STATEMENT
Title Law of property in land
260 ## - PUBLICATION, DISTRIBUTION, ETC.
Place of publication, distribution, etc. London:
Name of publisher, distributor, etc. The Estates Gazette
Date of publication, distribution, etc. 1979
300 ## - PHYSICAL DESCRIPTION
Extent ix, 207p. : ill.
350 ## -
-- 0.00
650 ## - SUBJECT ADDED ENTRY--TOPICAL TERM
Topical term or geographic name entry element LAW
650 ## - SUBJECT ADDED ENTRY--TOPICAL TERM
Topical term or geographic name entry element LAND REFORM--LAW AND LEGISLATION
650 ## - SUBJECT ADDED ENTRY--TOPICAL TERM
Topical term or geographic name entry element PROPERTY--LAW AND LEGISLATION
995 ## -
-- BINDERY (DAMAGED)
-- 0.00
-- 711572
-- CBU-MAIN LIBRARY (Kitwe)
-- 2
-- 13300.00
-- KD 170 Dav
-- 1
-- DAMAGED
-- 008567
-- Main Library Open Access Collection
995 ## -
-- MAIN LIBRARY OPEN ACCESS
-- 0.00
-- 725842
-- CBU-MAIN LIBRARY (Kitwe)
-- 3
-- 13300.00
-- KD 170 Dav
-- 5
-- AVAILABLE
-- 024990
-- Main Library Open Access Collection
995 ## -
-- ANNEX COLLECTION (Main Library)
-- 0.00
-- 711573
-- CBU-MAIN LIBRARY (Kitwe)
-- 1
-- 13300.00
-- KD 170 Dav
-- 2
-- AVAILABLE
-- 008568
-- Annex Low-Usage Collection
995 ## -
-- MAIN LIBRARY OPEN ACCESS
-- 0.00
-- 725841
-- CBU-MAIN LIBRARY (Kitwe)
-- 5
-- 13300.00
-- KD 170 Dav
-- 4
-- AVAILABLE
-- 008570
-- Main Library Open Access Collection
995 ## -
-- ANNEX COLLECTION (Main Library)
-- 0.00
-- 707524
-- CBU-MAIN LIBRARY (Kitwe)
-- 4
-- 13300.00
-- KD 170 Dav
-- 3
-- AVAILABLE
-- 008569
-- Annex Low-Usage Collection
999 ## -
-- 80639
-- 80639
Holdings
Withdrawn status Lost status Source of classification or shelving scheme Damaged status Not for loan Permanent Location Current Location Shelving location Date acquired Total Checkouts Full call number Barcode Date last seen Copy number Price effective from Koha item type Date last checked out
          CBU-MAIN LIBRARY, KITWE. CBU-MAIN LIBRARY, KITWE.   06/30/2023   KD 170 Dav 008567 06/30/2023 1 06/30/2023 MONOGRAPH  
          CBU-MAIN LIBRARY, KITWE. CBU-MAIN LIBRARY, KITWE.   06/30/2023 1 KD 170 Dav 024990 02/06/2024 2 06/30/2023 MONOGRAPH 01/31/2024
          CBU-MAIN LIBRARY, KITWE. CBU-MAIN LIBRARY, KITWE.   06/30/2023   KD 170 Dav 008568 06/30/2023 3 06/30/2023 MONOGRAPH  
          CBU-MAIN LIBRARY, KITWE. CBU-MAIN LIBRARY, KITWE.   06/30/2023 4 KD 170 Dav 008570 03/14/2025 4 06/30/2023 MONOGRAPH 02/04/2025
          CBU-MAIN LIBRARY, KITWE. CBU-MAIN LIBRARY, KITWE.   06/30/2023   KD 170 Dav 008569 06/30/2023 5 06/30/2023 MONOGRAPH